| 000 | 00491nam a2200181Ia 4500 | ||
|---|---|---|---|
| 005 | 20250317123220.0 | ||
| 008 | 008 250317s9999 xx 000 0 eng d | ||
| 037 | _aTextbook | ||
| 040 |
_aFMSL _beng _cFMSL |
||
| 041 |
_aeng _2eng |
||
| 084 |
_aD658(B) L2 _qFMSL |
||
| 100 |
_aHeimer R T _9740120 |
||
| 245 | 0 | _aBasic computer concepts | |
| 260 |
_aLondon _bLondon, Bogden _c1972 |
||
| 300 | _a140p | ||
| 942 |
_cTB _hD658(B) L2 |
||
| 999 |
_c1250364 _d1250364 |
||